World renewable energy congress VIII : Linking the world with renewable energy

Wedi'i Gadw mewn:
Manylion Llyfryddiaeth
Fformat: Llyfr
Iaith:Undetermined
Cyhoeddwyd: New York Elsevier 2004
Pynciau:
Tagiau: Ychwanegu Tag
Dim Tagiau, Byddwch y cyntaf i dagio'r cofnod hwn!
Thư viện lưu trữ: Trung tâm Học liệu Trường Đại học Cần Thơ
LEADER 00558nam a2200193Ia 4500
001 CTU_103717
008 210402s9999 xx 000 0 und d
020 |c 126 
082 |a 621.042 
082 |b W927 
245 0 |a World renewable energy congress VIII : 
245 0 |b Linking the world with renewable energy 
260 |a New York 
260 |b Elsevier 
260 |c 2004 
650 |a Renewable energy sources,Eenergy conservation 
650 |x Congresses,Congresses 
904 |i Tuyến 
980 |a Trung tâm Học liệu Trường Đại học Cần Thơ